[Event "12th Chennai Open 2020"]
[Site "Chennai"]
[Date "2020.01.22"]
[Round "7.11"]
[White "Muthaiah AL"]
[Black "Fedorov, Alexei"]
[Result "1/2-1/2"]
[WhiteElo "2367"]
[BlackElo "2562"]
[Annotator "TA"]
[PlyCount "60"]
[EventDate "2020.01.19"]
[EventType "swiss"]
[EventCountry "IND"]
[SourceTitle "playchess.com"]
[Source "ChessBase"]
[SourceQuality "1"]

{[%evp 15,60,33,56,54,54,47,56,56,41,56,66,25,45,21,17,23,25,8,8,8,8,8,8,8,8,4,8,8,40,0,0,0,19,0,15,0,0,-4,-4,-4,0,0,0,0,0,0,0]} 1. Nf3 g6 2. d4 Nf6 3. g3 Bg7 4. Bg2 O-O 5. O-O d6 6. c4 Nc6 7. Nc3 Bf5 8. Ne1 Na5 9. e4 {E62: King's Indian: Fianchetto: 6...c6 and Panno Variation (6...Nc6) without ...a6} (9. b3 c5 10. Nf3 Ne4 11. Bb2 Nc6 12. Nd5 Bg4 13. Qc2 Bxf3 14. exf3 Nf6 15. dxc5 dxc5 16. Rad1 Nd7 {1-0 (67) Sargissian,G (2671)-Smirin,I (2663) Khanty-Mansiysk 2013}) 9... Bg4 10. f3 Bd7 11. b3 {White is slightly better.} c5 {[#] Threatens to win with ...Nxe4!} 12. Nc2 Nc6 13. Be3 Qa5 14. Qd2 e5 15. dxe5 dxe5 16. Nd5 {[#] aiming for Nxf6+.} Qxd2 $146 ({Predecessor:} 16... Nxd5 17. Qxa5 Nxa5 18. cxd5 {½-½ (51) Partenheimer,A (2206)-Vovk,Y (2564) Dieren 2011}) 17. Bxd2 Nxd5 18. exd5 Nd4 19. Nxd4 exd4 20. Rfe1 Rfe8 21. Bf1 Be5 22. Bd3 (22. b4 $5 {[%cal Rb4c5]}) 22... a5 {The position is equal.} 23. a4 b6 24. Kf2 Bd6 25. Rxe8+ (25. Bh6 {is more complex.} f6 26. h4 Kf7 27. Rxe8 Rxe8 28. Rg1) 25... Rxe8 26. Re1 (26. g4 {is interesting.} Kg7 27. h4 h6 28. Rg1 Bh2 29. Rg2) 26... Rxe1 27. Bxe1 f6 28. Bd2 Kf7 29. h4 h5 30. Kg2 Kg7 {Accuracy: White = 56%, Black = 84%.} 1/2-1/2

[Event "12th Chennai Open 2020"]
[Site "Chennai"]
[Date "2020.01.22"]
[Round "7.12"]
[White "Stupak, Kirill"]
[Black "Sidhant, Mohapatra"]
[Result "1-0"]
[WhiteElo "2506"]
[BlackElo "2346"]
[Annotator "TA"]
[PlyCount "81"]
[EventDate "2020.01.19"]
[EventType "swiss"]
[EventCountry "IND"]
[SourceTitle "playchess.com"]
[Source "ChessBase"]
[SourceQuality "1"]

{[%evp 12,81,0,0,3,-9,-6,-7,-5,-32,-19,-35,-22,-20,-21,-30,53,50,33,43,70,100,98,87,94,91,89,81,79,68,78,78,101,53,89,91,101,101,107,108,114,93,87,86,82,83,98,78,91,78,118,116,102,100,131,121,127,91,89,62,56,15,72,27,61,67,223,198,237,235,304,302]} 1. d4 d5 2. Nf3 Nf6 3. c4 c6 4. Nc3 e6 5. g3 dxc4 6. Bg2 b5 7. Ne5 a6 {[%cal Ba7a6,Ba6a5][%mdl 32] E04: Open Catalan: 5 Nf3} 8. O-O Bb7 $1 9. b3 b4 {The position is equal.} 10. Ne4 Nxe4 11. Bxe4 c3 12. a3 a5 $1 13. Qd3 {[#]} Nd7 $146 (13... Bd6 $11) ({Predecessor:} 13... Be7 14. axb4 Bxb4 15. Ba3 {1-0 (33) Sokolov,I (2584)-Bok,B (2645) Amsterdam 2019}) 14. Bxc6 $14 Bxc6 15. Nxc6 Qc8 16. d5 Nc5 17. Qc4 exd5 18. Qxd5 Qe6 19. Qxe6+ fxe6 20. axb4 Nxb3 21. Ra4 Ra6 22. Nxa5 Be7 {White should prevent ...0-0.} 23. Be3 O-O {With the idea ...c2.} 24. Rb1 Nxa5 25. bxa5 Rc8 26. Rc1 Bf6 27. Bb6 Rc6 28. Rb4 c2 29. Rb5 Kf7 30. Kf1 Ke8 31. e3 Ra8 32. Ke2 Be7 {and if ...Ba3 works, Black does fine.} 33. Rb3 Bd8 34. Bd4 Rxa5 35. Bxg7 {Threatens to win with Rc3.} e5 $1 36. f4 exf4 (36... Bc7 $11 {remains equal.}) 37. exf4 {Rc3 is the strong threat.} Rac5 38. Bd4 Rd5 $2 {[#]} (38... Rc4 $14 39. Bb2 R4c5) 39. Rc3 $18 Re6+ 40. Re3 Rxe3+ 41. Kxe3 {Accuracy: White = 74%, Black = 50%.} 1-0

[Event "12th Chennai Open 2020"]
[Site "Chennai"]
[Date "2020.01.22"]
[Round "7.13"]
[White "Nitin, S.."]
[Black "Venkatesh, M.R."]
[Result "0-1"]
[WhiteElo "2347"]
[BlackElo "2501"]
[Annotator "TA"]
[PlyCount "54"]
[EventDate "2020.01.19"]
[EventType "swiss"]
[EventCountry "IND"]
[SourceTitle "playchess.com"]
[Source "ChessBase"]
[SourceQuality "1"]

{[%evp 15,54,5,11,3,13,11,17,9,0,10,29,22,78,77,104,29,34,27,32,32,33,25,27,30,44,9,2,-26,-30,-208,-211,-212,-217,-193,-193,-294,-294,-393,-398,-512,-373]} 1. e4 c5 2. Nf3 Nc6 3. Bb5 g6 4. O-O Bg7 5. c3 Nf6 6. Re1 O-O 7. d4 d5 8. e5 Ne4 9. Be3 {B31: Sicilian: 2...Nc6 3 Bb5 g6} cxd4 10. cxd4 Qb6 11. Bxc6 {The position is equal.} bxc6 12. Qc1 Rb8 (12... a5 13. Nc3 Nxc3 14. Qxc3 Bf5 15. Nd2 Rfb8 16. b3 a4 17. h3 Qa5 18. Qxa5 Rxa5 19. bxa4 Rxa4 {1-0 (59) Giri,A (2776)-Le,Q (2713) Bucharest 2019}) 13. b3 {[#]} Ba6 $146 (13... a5 $11) ({Predecessor:} 13... f6 14. Nc3 Nxc3 15. Qxc3 Bg4 16. exf6 exf6 17. Bf4 Rbc8 18. Bd6 Rfe8 19. Rxe8+ Rxe8 {½-½ (51) Petrov,N (2586)-Halkias,S (2530) Arco 2019}) 14. Nc3 $16 f6 15. Nxe4 (15. Na4 $16 Qb7 16. Bh6) 15... dxe4 $11 16. d5 Qa5 17. Nd4 Qxd5 18. Qxc6 Bb7 19. Qe6+ Kh8 20. Rac1 f5 $1 21. Rc7 (21. Qxd5 {seems wilder.} Bxd5 22. Rc5 e6 23. Bf4 Rfc8 24. Rec1) 21... f4 22. Qxe7 $2 {[#]} (22. Qxd5 $11 Bxd5 23. Bc1) 22... Qxe5 $19 23. Bxf4 Qxe7 ({Not} 23... Rxf4 24. Ne6 $16) 24. Rxe7 Bxd4 25. Bg3 (25. g3 {was called for.}) 25... Kg8 26. Rd1 Rbd8 {[#] ( -> ...Bxf2+!)} 27. Rc1 Ba8 {Accuracy: White = 38%, Black = 63%.} 0-1

[Event "12th Chennai Open 2020"]
[Site "Chennai"]
[Date "2020.01.22"]
[Round "7.14"]
[White "Karthik Venkataraman"]
[Black "Girinath, P.D.S."]
[Result "0-1"]
[WhiteElo "2479"]
[BlackElo "2340"]
[Annotator "TA"]
[PlyCount "62"]
[EventDate "2020.01.19"]
[EventType "swiss"]
[EventCountry "IND"]
[SourceTitle "playchess.com"]
[Source "ChessBase"]
[SourceQuality "1"]

{[%evp 9,62,74,83,47,57,50,56,59,72,23,60,35,118,31,43,33,35,0,0,0,0,-161,-141,-159,-133,-147,-132,-280,-240,-253,-124,-131,-119,-108,-118,-377,-233,-207,-202,-302,-321,-268,-223,-504,-493,-506,-499,-499,-498,-834,-806,-769,-655,-633,-436]} 1. e4 e5 2. Nf3 Nc6 3. Bb5 f5 4. d3 Nf6 5. exf5 Nd4 6. Nxd4 {C63: Ruy Lopez: Schliemann/Jaenisch Defence} (6. Ba4 c6 7. O-O d5 8. Nxe5 Bd6 9. c3 Bxe5 10. Re1 O-O 11. Rxe5 Nxf5 12. Nd2 Nh4 13. h3 {1-0 (53) Najer,E (2653)-Sokolov,I (2650) Dubai 2014}) 6... exd4 7. O-O c6 8. Ba4 $146 {White is slightly better.} ({Predecessor:} 8. Qe2+ Qe7 9. Qxe7+ Bxe7 10. Bc4 d5 11. Bb3 Bxf5 12. Nd2 O-O-O 13. Nf3 {1-0 (35) Grabner,H-Casny,G DDR 1987}) 8... d5 9. Qf3 Be7 10. Bb3 Qd7 (10... O-O $14) 11. Qf4 (11. Re1 $16) 11... Qxf5 12. Qxd4 O-O 13. Qf4 Qh5 {And now ...Ng4 would win.} 14. Qg5 Qf7 15. Qd2 $2 (15. Qf4 $1 $11 {and White is okay.}) 15... Bd6 $1 $19 {[%mdl 1024] Black has strong compensation.} 16. f4 Bf5 17. Nc3 Rae8 $40 {[%mdl 128] White is in trouble.} 18. Qf2 (18. h3 $17) 18... Ng4 $1 {[%cal Rg4f2]} 19. Qd2 Re7 ({Not} 19... Bc5+ 20. d4 $17) (19... Qf6 $19 {White must now prevent ...Bc5+.} 20. h3 Bc5+ 21. Kh1 Re3 22. Nxd5 cxd5) 20. h3 $17 Ne3 21. Rf3 Rfe8 22. d4 $2 {[%mdl 8192]} (22. Rxe3 $17 Rxe3 23. Qxe3 Rxe3 24. Bxe3) 22... Nc4 23. Bxc4 dxc4 24. Qf2 (24. Kh2 $142) 24... Re1+ $19 25. Kh2 Bb4 26. b3 $2 (26. Rb1 {keeps fighting.}) 26... Bxc3 {Black is clearly winning.} 27. Rxc3 R8e2 28. Qh4 {[#]} Qd5 $1 {[%csl Gd5][%cal Re2g2][%mdl 512]} 29. Qg5 (29. Rg3 $142 Qxd4 {[#]} 30. Be3 $1 {[%mdl 512]} Rxe3 31. Rxe1 Rxe1 32. Rxg7+ $1 {[%mdl 512]} Kxg7 33. Qxe1 Qxf4+ 34. Kg1) 29... Be4 {( -> ...Qxg5)} 30. Rg3 Qxg5 31. Rxg5 {If only White now had time for Bb2....} Rxc2 {Accuracy: White = 19%, Black = 63%.} 0-1

[Event "12th Chennai Open 2020"]
[Site "Chennai"]
[Date "2020.01.22"]
[Round "7.15"]
[White "Pranesh M"]
[Black "Neverov, Valeriy"]
[Result "1/2-1/2"]
[WhiteElo "2317"]
[BlackElo "2460"]
[Annotator "TA"]
[PlyCount "122"]
[EventDate "2020.01.19"]
[EventType "swiss"]
[EventCountry "IND"]
[SourceTitle "playchess.com"]
[Source "ChessBase"]
[SourceQuality "1"]

{[%evp 22,122,50,54,52,6,63,37,21,17,42,22,70,67,79,77,83,62,65,66,71,53,76,71,79,76,88,88,98,95,89,62,97,93,93,94,98,96,98,40,40,42,41,43,45,45,65,65,65,65,65,65,72,72,72,72,94,94,94,94,94,94,94,94,94,0,94,94,94,94,94,94,94,94,94,94,94,94,94,83,83,40,40,40,40,40,40,40,40,40,40,8,8,8,8,8,8,8,8,8,8,8,8]} 1. e4 c5 2. Nf3 d6 3. d4 cxd4 4. Nxd4 Nf6 5. Nc3 Nc6 6. Bg5 e6 7. Qd2 a6 8. O-O-O Be7 9. f4 Nxd4 10. Qxd4 b5 11. Bxf6 gxf6 12. f5 Qc7 {B66: Sicilian: Richter-Rauzer: 7...a6 8 0-0-0 h6} 13. Ne2 $146 {[%cal Bc3e2,Be2f4,Bf4d5][%mdl 32]} ({Predecessor:} 13. Be2 h5 14. Bf3 Rb8 15. Ne2 e5 16. Qd3 b4 17. h4 a5 18. Ng3 a4 19. Kb1 a3 20. b3 {½-½ (58) Kovchan,A (2566)-Vorobiov,E (2558) Dresden 2018}) 13... Qc5 (13... Bb7 $11) 14. fxe6 fxe6 {White is slightly better.} 15. Qd2 O-O 16. Nf4 f5 17. exf5 $1 Rxf5 18. h4 e5 {[#]} 19. Nd5 $1 {[%cal Rd5e7]} Bf8 20. Be2 $1 Bb7 {[#]} 21. Bf3 $1 Rc8 {aiming for ...Bh6!} 22. Kb1 Kh8 23. Rhf1 Bxd5 24. Bxd5 Rxf1 25. Rxf1 Bg7 26. Qd3 a5 27. a3 b4 28. a4 Qd4 29. Qxd4 exd4 $16 {[%mdl 4096] Endgame KRB-KRB} 30. Be4 (30. Rf7 $16) 30... Rf8 $14 31. Rxf8+ Bxf8 {KB-KB} 32. Ka2 Be7 33. h5 h6 34. Kb3 Kg7 35. Kc4 Kf6 36. Kd5 Bf8 37. g4 Be7 38. Bf5 Kf7 39. b3 Kf6 40. Kxd4 Kg5 41. Kd5 Kf6 42. Bc8 Kf7 43. Bf5 Kf6 44. Be6 Bd8 45. Kxd6 Be7+ 46. Kd5 Bd8 47. Bf5 Kg5 48. Kc5 Bc7 49. Kc4 Bd8 50. c3 bxc3 51. b4 axb4 52. Kxb4 c2 $1 {[%cal Rc2c1]} 53. Bxc2 {Hoping for Bf5.} Kxg4 54. Bg6 Kg5 55. Kb5 Kf6 56. a5 Bxa5 $1 {The position is equal.} 57. Kxa5 Kg7 58. Kb5 Kh8 59. Kc6 Kg7 60. Kd7 Kh8 61. Ke8 Kg7 {Accuracy: White = 80%, Black = 69%.} 1/2-1/2

[Event "12th Chennai Open 2020"]
[Site "Chennai"]
[Date "2020.01.22"]
[Round "7.16"]
[White "Srihari L R"]
[Black "Mitrabha, Guha"]
[Result "0-1"]
[WhiteElo "2302"]
[BlackElo "2448"]
[Annotator "TA"]
[PlyCount "120"]
[EventDate "2020.01.19"]
[EventType "swiss"]
[EventCountry "IND"]
[SourceTitle "playchess.com"]
[Source "ChessBase"]
[SourceQuality "1"]

{[%evp 11,120,24,25,38,29,16,23,19,24,18,14,-37,-32,-28,20,13,13,24,0,0,0,-19,0,0,0,-66,-64,-76,-64,-75,-76,-72,-63,-73,-64,-141,-130,-133,-134,-129,-140,-154,-141,-149,-148,-268,-273,-256,-263,-262,-227,-227,-223,-353,-158,-162,-162,-161,-154,-180,-154,-161,-116,-100,-72,-272,-277,-270,-272,-643,-643,-558,-257,-257,-257,-260,-266,-304,-291,-1166,-1171,-933,-881,-5210,-3023,-29981,-29982,-29982,-29983,-29983,-29984,-29985,-29986,-29986,-29987,-29987,-29988,-29988,-29989,-29989,-29990,-29990,-29991,-29991,-29992,-29992,-29988,-29988,-29989,-29989,-29990]} 1. Nf3 Nf6 2. g3 b5 3. Bg2 Bb7 4. O-O e6 5. d3 d6 6. e4 Nbd7 7. Re1 {A05: Réti Opening: 1 Nf3 Nf6} Be7 8. Nh4 $146 ({Predecessor:} 8. b3 O-O 9. Bb2 c5 10. Nbd2 a5 11. a4 bxa4 12. Rxa4 Nb6 13. Ra1 Nfd7 14. c4 Bf6 15. Bxf6 Qxf6 {0-1 (47) Zpevak,P (2402)-Krejci,J (2454) Czechia 2011}) 8... Qc8 9. a4 {White has an edge.} a6 10. f4 c5 11. c4 (11. Nd2 $11) 11... bxc4 $15 12. dxc4 Nf8 13. Nc3 Ng6 14. Nxg6 hxg6 15. Qe2 Rb8 16. Be3 Bc6 17. Rad1 Rb4 18. f5 (18. Rb1 $11) 18... gxf5 19. exf5 Bxg2 20. Qxg2 Qb7 (20... exf5 21. Bg5 $16) 21. Qxb7 Rxb7 22. fxe6 fxe6 23. Bg5 ({White should try} 23. Bc1 $1 $15) 23... Kf7 $17 (23... Rxb2 $6 24. Rxe6 Rbxh2 25. Bh4 $11) 24. Re2 Rb4 25. Bxf6 gxf6 26. Ne4 Rd8 (26... Rxc4 27. Nxd6+ Bxd6 28. Rxd6 $16) 27. Rf1 f5 28. g4 (28. Rf4 $17 {keeps fighting.}) 28... Rg8 $19 (28... Rxa4 29. gxf5 Rg8+ 30. Kh1 $11) 29. h3 Rxc4 30. Kh1 Rd4 ({Much less strong is} 30... Rxa4 31. gxf5 e5 32. f6 $17) 31. gxf5 {[#]} e5 $1 32. Rf3 (32. a5 {was necessary.}) 32... d5 (32... Rxa4 $2 33. Rb3 $17) (32... Rd1+ $19 {has better winning chances.} 33. Kh2 d5) 33. Nf2 $17 e4 34. Rb3 Rg5 35. Ng4 Rd1+ ({Don't take} 35... Rxf5 36. Nh6+ Kg6 37. Nxf5 $17) ({Don't play} 35... Rxa4 36. Rb7 $11) 36. Kg2 c4 $36 {[%mdl 2048] Black is on the roll.} 37. Rb6 Bc5 38. Rc6 $2 (38. Rxa6 $17 {was the only defense.} Rd3 39. Rg6 {[%mdl 64] Decoy} Rxg6 40. fxg6+ Kxg6 41. Ne5+ Kf5 42. Ng4) 38... Bd4 $19 39. Rxa6 {[#]} Rh5 $1 {Hoping for ...Rg1+.} 40. Nf2 $2 (40. Nh6+ Kg7 41. Rg6+ Kf8 42. Ng4) 40... Bxf2 41. Kxf2 Rxf5+ {[%mdl 4096] Endgame KRR-KRR} (41... Rxh3 $142 {...Rh2+ is the strong threat.} 42. Rg6 Rh5) 42. Kg2 Rf6 43. Ra7+ Ke6 44. a5 Ke5 {Threatens to win with ...Kd4.} 45. h4 $2 (45. Re7+ Kd6 46. Re8) 45... Kd4 46. Kh3 Kd3 47. Rg2 Rh1+ 48. Rh2 Rxh2+ {Black mates.} 49. Kxh2 {KR-KR} e3 50. Re7 e2 51. Kg3 Kd2 52. Kg4 e1=Q 53. Rxe1 Kxe1 {KR-K3P} 54. Kg5 Rf8 55. Kg6 d4 56. Kg7 Ra8 57. h5 d3 58. h6 Rxa5 59. h7 Rh5 60. h8=Q Rxh8 {Accuracy: White = 38%, Black = 78%.} 0-1

[Event "12th Chennai Open 2020"]
[Site "Chennai"]
[Date "2020.01.22"]
[Round "7.17"]
[White "Harikrishnan.A.Ra"]
[Black "Rohith Krishna S"]
[Result "1/2-1/2"]
[WhiteElo "2444"]
[BlackElo "2289"]
[Annotator "TA"]
[PlyCount "108"]
[EventDate "2020.01.19"]
[EventType "swiss"]
[EventCountry "IND"]
[SourceTitle "playchess.com"]
[Source "ChessBase"]
[SourceQuality "1"]

{[%evp 19,108,-2,0,0,0,0,5,-8,45,52,36,33,52,0,-6,-43,-44,-34,0,0,49,51,45,55,50,25,8,14,9,31,32,0,0,0,6,-10,6,6,6,6,11,6,2,0,20,8,8,27,8,21,15,21,20,0,7,7,7,7,7,7,7,0,0,0,7,7,7,7,8,0,7,0,7,0,0,0,0,-8,0,0,0,0,0,0,0,0,0,0,0,0,0]} 1. b3 Nf6 2. Bb2 e6 3. Nf3 b6 4. g3 Bb7 5. Bg2 Be7 6. d3 c5 7. c4 d5 8. e3 O-O 9. O-O Nc6 10. Nc3 Qd7 11. cxd5 {A14: English Opening: 1...e6 with b3 by White} (11. Qe2 Rad8 12. Rfd1 d4 13. exd4 Nxd4 14. Nxd4 cxd4 15. Nb5 Bxg2 16. Kxg2 Bc5 17. b4 Bxb4 18. Nxd4 Be7 {½-½ (62) Gashimov,V (2734)-Wang,Y (2752) Astrakhan 2010}) 11... exd5 12. d4 Rfd8 13. Rc1 cxd4 (13... Ne4 $11) 14. Nxd4 $14 Nxd4 $146 ({Predecessor:} 14... Rac8 15. Nce2 Ba6 16. Nxc6 Rxc6 17. Qd2 Rxc1 18. Rxc1 Ne4 {1-0 (70) Garcia,R-Venalainen,U Lugano 1968}) 15. Qxd4 Bc5 16. Qh4 ({White should play} 16. Qa4 $14) 16... d4 $11 17. Na4 Bxg2 18. Kxg2 Qd5+ 19. Kg1 Ne4 20. Nxc5 bxc5 21. f3 $1 {[%cal Rf3e4]} Nd6 22. e4 (22. Qf4 {seems wilder.} Nb5 23. e4 Qc6 24. Qg5 Qa6 25. Rf2) 22... Qe5 23. Qf4 Qxf4 24. gxf4 Rac8 25. Ba3 Nb5 26. Bb2 $1 f5 27. e5 Nc7 28. Rxc5 Ne6 29. Rxc8 Rxc8 {[%mdl 4096] Endgame KRB-KRN} 30. Rc1 Rd8 $1 31. Rc6 Nxf4 {[#] Strongly threatening ...d3.} 32. Rd6 Rxd6 33. exd6 {Threatens to win with d7. KB-KN} Kf7 {With the idea ...d3.} 34. Kf1 {The position is equal.} d3 {( -> ...d2)} 35. Ke1 g5 36. Be5 {next Bxf4 is good for White.} Ng6 37. d7 Ke7 $132 {[%mdl 2048] Black is not holding back} 38. Bf6+ Kxd7 {[#] And now ...Nh4 would win.} 39. Bxg5 Ke6 $1 40. Be3 a6 41. Kd2 Ne5 42. Bf4 {Bxe5 is the strong threat.} Nxf3+ 43. Kxd3 Kd5 44. Ke3 Nd4 45. h4 Ne6 46. h5 Kc5 47. a3 Kd5 48. Bh2 h6 49. Bf4 Ng7 50. Bxh6 Nxh5 51. Bf8 Ng3 52. Bb4 Ke5 53. Bc3+ Kd5 54. Bb4 Ke5 {Accuracy: White = 45%, Black = 65%.} 1/2-1/2

[Event "12th Chennai Open 2020"]
[Site "Chennai"]
[Date "2020.01.22"]
[Round "7.18"]
[White "Priyanka, Kumari"]
[Black "Neelotpal, Das"]
[Result "0-1"]
[WhiteElo "1874"]
[BlackElo "2436"]
[Annotator "TA"]
[PlyCount "94"]
[EventDate "2020.01.19"]
[EventType "swiss"]
[EventCountry "IND"]
[SourceTitle "playchess.com"]
[Source "ChessBase"]
[SourceQuality "1"]

{[%evp 13,94,0,8,9,7,0,8,2,8,10,45,26,25,31,54,23,24,23,47,35,45,46,50,38,33,37,43,30,48,39,49,37,66,37,25,12,40,45,21,16,9,14,62,63,82,0,0,0,0,-2,-2,-2,-2,-2,-3,-3,-3,-8,-9,-25,-12,-5981,-5972,-5987,-5972,-5972,-5197,-29974,-29975,-29976,-29977,-29978,-29979,-29979,-29978,-29978,-29979,-29979,-29980,-29979,-29981,-29979,-29980]} 1. e4 e5 2. Nf3 Nc6 3. Bb5 a6 4. Ba4 Nf6 5. d3 b5 6. Bb3 Be7 7. Nc3 d6 8. a3 {C77: Ruy Lopez: 3...a6 4 Ba4 Nf6, unusual lines} O-O 9. Nd5 Na5 10. Ba2 {The position is equal.} c5 11. b4 Nc6 12. Be3 Ng4 $146 ({Predecessor:} 12... cxb4 13. axb4 Bb7 14. O-O Nxd5 15. Bxd5 Qd7 {1-0 (34) Rapport,R (2715)-Kollars,D (2534) Karlsruhe 2018}) 13. O-O Kh8 14. h3 (14. Bd2 {feels hotter.} Nf6 15. Re1 Bd7 16. Rb1 Rb8 17. c3) 14... Nxe3 15. fxe3 cxb4 16. axb4 Be6 17. Qd2 Ra7 18. Bb3 Bg5 19. Nxg5 Qxg5 20. Kh1 g6 21. c4 Rfa8 22. Ra3 Bxd5 23. exd5 Nd4 24. Rfa1 bxc4 25. dxc4 Rb8 26. Qe1 Nf5 27. Bc2 {And now Bxf5 would win.} Rc7 28. Bxf5 $1 Qxf5 29. Rc1 (29. e4 $16 Qg5 30. Rc3 (30. Rxa6 Rxc4 31. Rxd6 Qf4 $11)) 29... Qe4 $11 30. Rxa6 {Strongly threatening Qf1.} Rxc4 31. Rxc4 Qxc4 32. Rxd6 {Threatens to win with Qf2.} Qxb4 33. Qxb4 Rxb4 {[%mdl 4096] Endgame KR-KR} 34. Kg1 Rb2 35. Rf6 Kg7 36. Rf2 Rb1+ 37. Rf1 $2 {[%mdl 8192] [#]} (37. Kh2 $11) 37... Rxf1+ $1 $19 38. Kxf1 {[#] KP-KP} e4 $1 39. Kf2 Kf6 40. g4 g5 {Black mates.} (40... Ke5 41. g5 $19) 41. Ke2 Ke5 42. Kd2 Kxd5 43. Kc3 Ke5 44. Kd2 f6 45. Ke2 Kd5 46. Kd2 Kc4 47. Kc2 h6 {Accuracy: White = 53%, Black = 66%.} 0-1

[Event "12th Chennai Open 2020"]
[Site "Chennai"]
[Date "2020.01.22"]
[Round "7.19"]
[White "Das, Sayantan"]
[Black "Jubin Jimmy"]
[Result "0-1"]
[WhiteElo "2424"]
[BlackElo "2193"]
[Annotator "TA"]
[PlyCount "80"]
[EventDate "2020.01.19"]
[EventType "swiss"]
[EventCountry "IND"]
[SourceTitle "playchess.com"]
[Source "ChessBase"]
[SourceQuality "1"]

{[%evp 18,96,0,-1,12,-4,0,0,0,0,23,0,0,0,-14,-21,-14,-18,-12,-55,-14,-7,0,-2,-8,-7,-5,-24,-17,-37,-27,-23,-26,-48,-43,-64,-58,-83,-90,-103,-110,-112,-91,-119,-102,-126,-119,-150,-149,-203,-200,-217,-42,-31,-41,-65,-8,-198,-180,-174,-166,-356,-356,-349,-354,-404,-395,-392,-375,-578,-589,-649,-638,-900,-822,-1167,-617,-607,-602,-622,-623]} 1. Nf3 Nf6 2. c4 e6 3. g3 d5 4. Bg2 Be7 5. b3 O-O 6. O-O c5 7. Bb2 Nc6 8. e3 b6 9. Nc3 Ba6 10. d3 Qd7 {A14: English Opening: 1...e6 with b3 by White} 11. Qe2 Rac8 12. Rfd1 (12. Rad1 Rfd8 13. a4 Qe8 14. e4 dxc4 15. bxc4 Nd4 16. Nxd4 cxd4 17. Nb5 Bxb5 18. axb5 {½-½ (50) Gareyev,T (2598)-Jakovenko,D (2698) Moscow 2019}) 12... Rfd8 {The position is equal.} 13. Rac1 h6 14. Qf1 $146 ({Predecessor:} 14. Ba1 d4 15. exd4 Nxd4 16. Nxd4 cxd4 17. Nb1 Re8 {0-1 (34) Amanov,Z (2411)-Friedel,J (2523) ICC INT 2011}) 14... Qe8 15. Ne2 Nh7 16. Ne5 Nxe5 17. Bxe5 Bf6 18. f4 Be7 19. Ba1 Bf6 20. Nc3 Bb7 21. Bf3 Bc6 22. e4 {[%cal Re4d5]} Bd4+ 23. Kh1 {[%cal Re4d5]} dxe4 24. dxe4 Nf6 25. Qg2 Qe7 26. Re1 Qb7 27. g4 Nh7 28. Qe2 Nf8 29. f5 Nd7 30. Bg2 Ne5 31. Rcd1 Re8 32. fxe6 fxe6 33. g5 (33. Rf1 $17) 33... hxg5 $19 34. Qh5 {[#]} g4 $2 (34... Qe7 $1 $19 {White must now prevent ...Rf8.} 35. Qh3 Rf8) 35. Nb5 $1 $15 {[%cal Rb5d4]} Bxa1 36. Rxa1 {Nd6 is the strong threat.} Nd3 (36... Bxb5 $1 $15 37. Qxe5 Bc6) 37. Re3 $2 (37. Nd6 $11 Nf2+ 38. Kg1) 37... Qd7 $36 {[%mdl 2048] Black has strong initiative.} 38. Rxd3 Qxd3 39. Qxg4 $2 (39. Nxa7 Bxe4 40. Nxc8 Bxg2+ 41. Kxg2 Qe4+ 42. Kg1 Rxc8 43. Rf1) 39... Bxb5 $19 40. cxb5 Qc3 {Played: Qd3-d4} 0-1

[Event "12th Chennai Open 2020"]
[Site "Chennai"]
[Date "2020.01.23"]
[Round "8.2"]
[White "Martinez Alcantara, Jose Eduardo"]
[Black "Goganov, Aleksey"]
[Result "1/2-1/2"]
[WhiteElo "2606"]
[BlackElo "2583"]
[Annotator "TA"]
[PlyCount "63"]
[EventDate "2020.01.19"]
[EventType "swiss"]
[EventCountry "IND"]
[SourceTitle "playchess.com"]
[Source "ChessBase"]
[SourceQuality "1"]

{[%evp 12,63,24,24,31,31,24,28,34,32,35,31,34,25,31,23,26,24,36,12,14,12,11,12,14,14,29,26,31,35,17,0,21,0,0,0,0,0,-4,-14,-7,-12,0,0,0,0,0,0,0,0,0,0,0,0]} 1. e4 e5 2. Nf3 Nc6 3. Bb5 Nf6 4. O-O Nxe4 5. Re1 Nd6 6. Nxe5 Be7 7. Bf1 O-O {C67: Ruy Lopez: Berlin Defence: 4 0-0 Nxe4} 8. d4 Nf5 9. Nf3 d5 {White has an edge.} 10. c3 Bd6 11. Nbd2 Re8 12. Rxe8+ Qxe8 13. Bd3 {[#]} b6 $146 ({Predecessor:} 13... Bd7 14. Nf1 b6 15. Qc2 {½-½ (27) Karjakin,S (2762)-Andreikin,D (2720) Baku 2015}) 14. Qc2 g6 15. Nf1 Bd7 16. Bg5 Qf8 17. Ne3 Nxe3 18. Bxe3 Bg4 19. Qa4 Ne7 20. Ne5 Be6 21. h3 {The position is equal.} f6 22. Nf3 Qe8 23. Bb5 c6 24. Bf1 Qd7 25. Re1 Nf5 26. Bc1 b5 27. Qc2 Ng7 28. a4 a6 29. Nd2 Bf5 30. Qd1 Re8 31. Rxe8+ Qxe8 32. Nb3 {Accuracy: White = 79%, Black = 88%.} 1/2-1/2